Home Print Resources E-Books E-Journals IIMT Lecture Series Library Membership Form Book Recommendation Form Campus Tour Take AdmissionAbout Us Contact Us

TEXT BOOK OF PANCHAKARMA AND UPAKARMA (Record no. 66155)

000 -LEADER
fixed length control field 00427nam a22001817a 4500
008 - FIXED-LENGTH DATA ELEMENTS--GENERAL INFORMATION
fixed length control field 250909b |||||||| |||| 00| 0 eng d
020 ## - ISBN
International Standard Book Number 9788198616388
040 ## - CATALOGING SOURCE
Original cataloging agency IIMT Ayurveda Medical College and Hospital(0669)
082 ## - DDC NUMBER
Classification number 615.35 PAT
100 ## - MAIN ENTRY--PERSONAL NAME
Personal name PATIL, VASANT C.
110 ## - MAIN ENTRY--CORPORATE NAME
Department AYURVEDIC
245 ## - TITLE STATEMENT
Title TEXT BOOK OF PANCHAKARMA AND UPAKARMA
250 ## - EDITION STATEMENT
Edition statement 1ST
260 ## - PUBLICATION, DISTRIBUTION, ETC. (IMPRINT)
Place of publication, distribution, etc VARANASI
Name of publisher, distributor, etc CHAUKHAMBA
Date of publication, distribution, etc 2025
300 ## - PHYSICAL DESCRIPTION
Pages 452
650 ## - Subject
Subject PANCHAKARMA
942 ## - ADDED ENTRY ELEMENTS (KOHA)
Koha item type Text-Book- for 7 days
952 ## - LOCATION AND ITEM INFORMATION (KOHA)
-- 2025-09-09
952 ## - LOCATION AND ITEM INFORMATION (KOHA)
-- 2025-09-09
952 ## - LOCATION AND ITEM INFORMATION (KOHA)
-- 2025-09-09
952 ## - LOCATION AND ITEM INFORMATION (KOHA)
-- 2025-09-09
952 ## - LOCATION AND ITEM INFORMATION (KOHA)
-- 2025-09-09
952 ## - LOCATION AND ITEM INFORMATION (KOHA)
-- 2025-09-09
952 ## - LOCATION AND ITEM INFORMATION (KOHA)
-- 2025-09-09
952 ## - LOCATION AND ITEM INFORMATION (KOHA)
-- 2025-09-09
952 ## - LOCATION AND ITEM INFORMATION (KOHA)
-- 2025-09-09
952 ## - LOCATION AND ITEM INFORMATION (KOHA)
-- 2025-09-09
Holdings
Withdrawn status Lost status Source of classification or shelving scheme Damaged status Not for loan Location (home branch) Sublocation or collection (holding branch) Date acquired Source of Acquisition Koha issues (times borrowed) Koha full call number Accession No. Koha date last seen Koha item type
          IIMT Ayurveda Medical College and Hospital(0669) IIMT Ayurveda Medical College and Hospital(0669) 09/03/2025 R.LALL, MEERUT   615.35 PAT 30-B-8442 09/09/2025 Text-Book- for 7 days
          IIMT Ayurveda Medical College and Hospital(0669) IIMT Ayurveda Medical College and Hospital(0669) 09/03/2025 R.LALL, MEERUT   615.35 PAT 30-B-8443 09/09/2025 Text-Book- for 7 days
          IIMT Ayurveda Medical College and Hospital(0669) IIMT Ayurveda Medical College and Hospital(0669) 09/03/2025 R.LALL, MEERUT   615.35 PAT 30-B-8444 09/09/2025 Text-Book- for 7 days
          IIMT Ayurveda Medical College and Hospital(0669) IIMT Ayurveda Medical College and Hospital(0669) 09/03/2025 R.LALL, MEERUT   615.35 PAT 30-B-8445 09/09/2025 Text-Book- for 7 days
          IIMT Ayurveda Medical College and Hospital(0669) IIMT Ayurveda Medical College and Hospital(0669) 09/03/2025 R.LALL, MEERUT   615.35 PAT 30-B-8446 09/09/2025 Text-Book- for 7 days
          IIMT Ayurveda Medical College and Hospital(0669) IIMT Ayurveda Medical College and Hospital(0669) 09/03/2025 R.LALL, MEERUT   615.35 PAT 30-B-8447 09/09/2025 Text-Book- for 7 days
          IIMT Ayurveda Medical College and Hospital(0669) IIMT Ayurveda Medical College and Hospital(0669) 09/03/2025 R.LALL, MEERUT   615.35 PAT 30-B-8448 09/09/2025 Text-Book- for 7 days
          IIMT Ayurveda Medical College and Hospital(0669) IIMT Ayurveda Medical College and Hospital(0669) 09/03/2025 R.LALL, MEERUT   615.35 PAT 30-B-8449 09/09/2025 Text-Book- for 7 days
          IIMT Ayurveda Medical College and Hospital(0669) IIMT Ayurveda Medical College and Hospital(0669) 09/03/2025 R.LALL, MEERUT   615.35 PAT 30-B-8450 09/09/2025 Text-Book- for 7 days
          IIMT Ayurveda Medical College and Hospital(0669) IIMT Ayurveda Medical College and Hospital(0669) 09/03/2025 R.LALL, MEERUT   615.35 PAT 30-B-8451 09/09/2025 Text-Book- for 7 days
IIMT, Central Library. All Rights Reserved IIMT,UNIVERSITY © 2023
Implemented and Customised by I CLOUDE EMS
You Are OPAC Visitor No
free web counter

Powered by Koha